| 000 | 01017nas a2200337 4500 | ||
|---|---|---|---|
| 001 | BR2012000086 | ||
| 003 | BR-BrBNA | ||
| 005 | 20231205115932.0 | ||
| 007 | ta | ||
| 008 | 230509b bl.|||p| |||| 00| 00por d | ||
| 040 |
_aBR-BrBNA _bpor _cBiblioteca Nacional de Agricultura |
||
| 041 | _a(Pt) | ||
| 072 | _aF61 | ||
| 100 | 1 | _aSilva, S.M. da | |
| 100 | 1 | _aOliveira, L.J. | |
| 100 | 1 | _aFaria, F.P. | |
| 100 | 1 | _aReis, E.F. dos | |
| 100 | 1 | _aCarneiro, M.A.C. | |
| 100 | 1 | _aSilva, S.M. da | |
| 245 | 1 | _aAtividade da enzima nitrato redutase em milho cultivado sob diferentes níveis de adubação nitrogenada e potássica | |
| 650 | _aMILHO | ||
| 650 | _aADUBAÇÃO | ||
| 650 | _aNITROGÊNIO | ||
| 650 | _aPOTÁSSIO | ||
| 650 | _aABSORÇÃO DE NUTRIENTES | ||
| 650 | _aMÉTODO ESTATÍSTICO | ||
| 650 | _aPRODUTIVIDADE | ||
| 773 | 0 |
_tCiência Rural (Brazil) _xISSN 0103-8478 _g(Nov 2011), v. 41(11) p. 1931-1937 _wBR2012000086 |
|
| 909 |
_a202311 _bLúcia _c55 _dLúcia Elande |
||
| 942 |
_2AGRIS _n0 _cANA |
||
| 999 |
_c216369 _d216369 |
||